Classifica Serie B 2014-2015 - Statistics

Statistiche generali
  • Questo quiz è stato fatto 45 volte
  • Il punteggio medio è 18 su 22
Statistiche sulle risposte
Squadra Punti Vinte Pareggiate Perse Gol fatti Gol subiti % Corretto
Avellino 59 15 14 13 42 42
97%
Crotone 48 12 12 18 42 52
93%
Frosinone 71 20 11 11 62 49
93%
Vicenza 68 18 14 10 44 37
93%
Catania 49 12 13 17 59 60
90%
Bari 54 14 12 16 43 49
87%
Carpi 80 22 14 6 59 28
87%
Cittadella 44 9 17 16 47 56
87%
Modena 47 10 17 15 37 39
87%
Spezia 67 18 13 11 59 40
87%
Bologna 68 17 17 8 49 35
83%
Perugia 66 16 18 8 49 40
83%
Livorno 59 15 14 13 57 50
80%
Pescara 61 16 13 13 69 55
80%
Ternana 51 13 12 17 36 47
80%
Trapani 53 13 14 15 56 67
77%
Latina 50 11 17 14 38 41
70%
Virtus Lanciano 50 10 20 12 49 48
70%
Pro Vercelli 49 12 13 17 46 57
67%
Virtus Entella 47 10 17 15 37 52
63%
Varese 35 9 12 21 40 67
57%
Brescia 42 12 12 18 54 63
53%
Nessun quiz corrispondente trovato
Distribuzione punteggi
Percentuale di utenti per punteggio
Percentile per numero di risposta
I tuoi punteggi nel tempo
Non hai fatto questo quiz